| 000 | 00474cam a2200181ua 4500 | ||
|---|---|---|---|
| 001 | 336 | ||
| 008 | 110329n ii |||gr||||Z||||||eng | ||
| 040 | _cMAIN | ||
| 082 | _a320.01 | ||
| 245 | 1 |
_aPolitical philosophy _cby Vishwanath Prasad Varma |
|
| 250 | _a3rd. | ||
| 260 |
_aAgra: _bLakshmi narain agarwal, _cAuthor. |
||
| 300 |
_axiii: _c50cm. |
||
| 653 | _aPolitical science | ||
| 653 | _aPolitical philosophy | ||
| 700 |
_aVarma, Viswanath Prasad., _eAuthor. |
||
| 942 | _cBK | ||
| 999 |
_c287 _d287 |
||